[Event "SVK-chT 0910"]
[Site "Slovakia"]
[Date "2010.02.21"]
[Round "8"]
[White "Likavsky, Tomas"]
[Black "Martiska, Peter"]
[Result "0-1"]
[WhiteElo "2478"]
[BlackElo "2244"]
[PlyCount "84"]
[EventDate "2009.10.24"]
[EventType "team-tourn"]
[EventRounds "11"]
[EventCountry "SVK"]
[SourceTitle "EXT 2019"]
[Source "ChessBase"]
[SourceDate "2018.10.10"]
[SourceVersion "1"]
[SourceVersionDate "2018.10.10"]
[SourceQuality "1"]
[WhiteTeam "Prievidza"]
[BlackTeam "Nitra"]
[WhiteTeamCountry "SVK"]
[BlackTeamCountry "SVK"]

1. Nf3 Nf6 2. c4 e6 3. Nc3 d5 4. d4 Nbd7 5. e3 Be7 6. b3 0-0 7. Bd3 b6 8. cxd5 exd5 9. 0-0 Bb7 10. Bb2 a6 11. a4 Ne4 12. Qc2 f5 13. Ne2 Bd6 14. Ne5 g6 15. Nf4 Qe7 16. Nc6 Qh4 17. Ba3 Bxf4 18. exf4 Rfe8 19. g3 Qh3 20. Rae1 Kg7 21. Ne5 Nxe5 22. Qxc7+ Kh6 23. fxe5 f4 24. Bc1 g5 25. Be2 Bc8 26. Bf3 Bf5 27. Bg2 Qh5 28. gxf4 Rac8 29. fxg5+ Nxg5 30. Qd6+ Re6 31. Qa3 Kg7 32. Bxg5 Qxg5 33. f4 Qh4 34. Qb2 Rc2 35. Qxc2 Bxc2 36. Re3 Rg6 37. Kh1 Bf5 38. Bxd5 Qd8 39. Bg2 Qxd4 40. Rg3 Rxg3 41. hxg3 h5 42. Kh2 Qb2 0-1

[Event "SVK-chT 0809"]
[Site "Slovakia"]
[Date "2008.10.26"]
[Round "2"]
[White "Martiska, Peter"]
[Black "Kantorik, Marian"]
[Result "0-1"]
[WhiteElo "2282"]
[BlackElo "2288"]
[PlyCount "92"]
[EventDate "2008.10.25"]
[EventType "team-tourn"]
[EventRounds "11"]
[EventCountry "SVK"]
[SourceTitle "EXT 2019"]
[Source "ChessBase"]
[SourceDate "2018.10.10"]
[SourceVersion "1"]
[SourceVersionDate "2018.10.10"]
[SourceQuality "1"]
[WhiteTeam "Nitra"]
[BlackTeam "Cadca"]
[WhiteTeamCountry "SVK"]
[BlackTeamCountry "SVK"]

1. d4 d5 2. Nf3 Nf6 3. c4 c6 4. cxd5 cxd5 5. Nc3 Nc6 6. Bf4 a6 7. e3 Bg4 8. h3 Bh5 9. Qb3 Bxf3 10. gxf3 Na5 11. Qa4+ Nc6 12. Bd3 e6 13. Rc1 Bd6 14. Bxd6 Qxd6 15. f4 0-0 16. 0-0 Rac8 17. Qd1 b5 18. Kh2 g6 19. Rg1 Ne7 20. a4 b4 21. Ne2 Nf5 22. Bxf5 exf5 23. Ng3 Kh8 24. Qd2 a5 25. Rc2 h5 26. Rgc1 Qd7 27. Kg2 h4 28. Ne2 Ne4 29. Qd3 Kg7 30. Ng1 Nd6 31. b3 Rxc2 32. Rxc2 Rc8 33. Nf3 Rc7 34. Nxh4 Qc8 35. Rxc7 Qxc7 36. Nf3 Ne4 37. Ng5 Qc3 38. Qd1 Nd2 39. Qe2 Nxb3 40. Qb5 Qc7 41. Qxd5 Nd2 42. Qa2 b3 43. Qb2 Qb7+ 44. Kh2 Nc4 45. Qc3 b2 46. d5+ Kg8 0-1

[Event "SVK-chT 0809"]
[Site "Slovakia"]
[Date "2008.10.25"]
[Round "1"]
[White "Rigo, Zsolt"]
[Black "Martiska, Peter"]
[Result "1-0"]
[WhiteElo "2390"]
[BlackElo "2282"]
[PlyCount "117"]
[EventDate "2008.10.25"]
[EventType "team-tourn"]
[EventRounds "11"]
[EventCountry "SVK"]
[SourceTitle "EXT 2019"]
[Source "ChessBase"]
[SourceDate "2018.10.10"]
[SourceVersion "1"]
[SourceVersionDate "2018.10.10"]
[SourceQuality "1"]
[WhiteTeam "Dunajov"]
[BlackTeam "Nitra"]
[WhiteTeamCountry "SVK"]
[BlackTeamCountry "SVK"]

1. e4 c6 2. d4 d5 3. Nd2 dxe4 4. Nxe4 Nf6 5. Nxf6+ exf6 6. c3 Bd6 7. Bd3 0-0 8. Ne2 Re8 9. 0-0 Qc7 10. Ng3 Nd7 11. f4 c5 12. d5 c4 13. Bc2 Nc5 14. b4 Nd7 15. Kh1 b6 16. Nf5 Nf8 17. Nd4 a6 18. Qf3 Bb7 19. Be3 Ng6 20. Nf5 Rad8 21. Rad1 Ne7 22. Qf2 Nxd5 23. Rxd5 Bxd5 24. Bxb6 Qb7 25. Bxd8 Rxd8 26. Nxd6 Rxd6 27. Rd1 f5 28. Kg1 g6 29. h3 Re6 30. Rd2 Bc6 31. Bd1 Re8 32. Be2 Bd5 33. Bf1 Be6 34. Rd4 Rc8 35. a4 h5 36. Qe3 Qc6 37. a5 Qa4 38. Rd6 Ra8 39. Kf2 Qc2+ 40. Qd2 Qa4 41. Be2 Kh7 42. Bd1 Qe8 43. Bf3 Rb8 44. Rxa6 Rd8 45. Rd6 Rxd6 46. Qxd6 Qa4 47. a6 Qc2+ 48. Kg3 h4+ 49. Kh2 Qf2 50. Qe5 Qb6 51. b5 Kg8 52. Be2 Kh7 53. Qd4 Qxd4 54. cxd4 Bd5 55. Bd1 c3 56. g3 g5 57. fxg5 Kg6 58. gxh4 f4 59. b6 1-0

[Event "SVK-chT 0708"]
[Site "Slovakia"]
[Date "2008.02.16"]
[Round "8"]
[White "Franzen, Jozef"]
[Black "Martiska, Peter"]
[Result "1/2-1/2"]
[WhiteElo "2341"]
[BlackElo "2270"]
[PlyCount "87"]
[EventDate "2007.10.20"]
[EventType "team-tourn"]
[EventRounds "11"]
[EventCountry "SVK"]
[SourceTitle "EXT 2019"]
[Source "ChessBase"]
[SourceDate "2018.10.10"]
[SourceVersion "1"]
[SourceVersionDate "2018.10.10"]
[SourceQuality "1"]
[WhiteTeam "Bratislava Slovan"]
[BlackTeam "Nitra"]
[WhiteTeamCountry "SVK"]
[BlackTeamCountry "SVK"]

1. g3 e5 2. c4 Nc6 3. Bg2 Nf6 4. Nc3 Bb4 5. Nd5 Bc5 6. e3 0-0 7. Ne2 Re8 8. 0-0 a6 9. a3 d6 10. b4 Ba7 11. Bb2 Nxd5 12. cxd5 Ne7 13. Rc1 Bd7 14. d4 Nf5 15. dxe5 dxe5 16. Nc3 Nd6 17. Na4 Bxa4 18. Qxa4 b5 19. Qb3 Bb6 20. a4 bxa4 21. Qxa4 Ra7 22. Ra1 Qe7 23. Qb3 a5 24. bxa5 Rxa5 25. Rxa5 Bxa5 26. Ra1 Bb6 27. Ra4 h6 28. Bh3 Nb7 29. Qb5 Rd8 30. Ba3 Qf6 31. Bb4 Qf3 32. Ra1 Qxd5 33. Qxd5 Rxd5 34. Bg2 Rb5 35. Ra8+ Kh7 36. Be4+ f5 37. Bxf5+ g6 38. Be4 Rxb4 39. Bxb7 Bxe3 40. fxe3 Rxb7 41. Re8 c5 42. Rxe5 Rc7 43. Kf2 Kg7 44. Ke2 1/2-1/2

[Event "SVK-chT 0708"]
[Site "Slovakia"]
[Date "2007.10.21"]
[Round "2"]
[White "Motuz, Karol"]
[Black "Martiska, Peter"]
[Result "1-0"]
[WhiteElo "2318"]
[BlackElo "2270"]
[PlyCount "47"]
[EventDate "2007.10.20"]
[EventType "team-tourn"]
[EventRounds "11"]
[EventCountry "SVK"]
[SourceTitle "EXT 2019"]
[Source "ChessBase"]
[SourceDate "2018.10.10"]
[SourceVersion "1"]
[SourceVersionDate "2018.10.10"]
[SourceQuality "1"]
[WhiteTeam "Dubnica nad Vahom"]
[BlackTeam "Nitra"]
[WhiteTeamCountry "SVK"]
[BlackTeamCountry "SVK"]

1. c4 e5 2. a3 Nf6 3. d3 d5 4. cxd5 Nxd5 5. Nf3 Nc6 6. e3 Be7 7. Be2 Be6 8. Qc2 g5 9. h3 f6 10. b4 a6 11. Bb2 Qd7 12. Nbd2 h5 13. d4 exd4 14. Nxd4 Nxd4 15. Bxd4 Kf7 16. Ne4 h4 17. Rd1 Rae8 18. Nxg5+ fxg5 19. Bxh8 Rxh8 20. e4 c6 21. exd5 Bxd5 22. 0-0 Bd6 23. Bc4 Bc7 24. Qe4 1-0

[Event "SVK-chT 0708"]
[Site "Slovakia"]
[Date "2007.10.20"]
[Round "1"]
[White "Martiska, Peter"]
[Black "Drtina, Milan"]
[Result "0-1"]
[WhiteElo "2270"]
[BlackElo "2290"]
[PlyCount "94"]
[EventDate "2007.10.20"]
[EventType "team-tourn"]
[EventRounds "11"]
[EventCountry "SVK"]
[SourceTitle "EXT 2019"]
[Source "ChessBase"]
[SourceDate "2018.10.10"]
[SourceVersion "1"]
[SourceVersionDate "2018.10.10"]
[SourceQuality "1"]
[WhiteTeam "Nitra"]
[BlackTeam "Hlohovec"]
[WhiteTeamCountry "SVK"]
[BlackTeamCountry "SVK"]

1. d4 Nf6 2. Nf3 g6 3. Nbd2 Bg7 4. e4 0-0 5. e5 Ne8 6. Bc4 d5 7. Bb3 f6 8. exf6 exf6 9. 0-0 Nc6 10. c3 Be6 11. Re1 Bf7 12. Nf1 Nd6 13. Ng3 Qd7 14. Bf4 Rfe8 15. Qd3 Nc4 16. Bxc4 dxc4 17. Qf1 Ne7 18. Ne4 Nd5 19. Bd2 Qc6 20. Ng3 Nb6 21. h3 Na4 22. Rab1 Bf8 23. b3 Nb6 24. Nh2 g5 25. Rxe8 Rxe8 26. Qd1 Bg6 27. Ra1 h6 28. Ng4 Bg7 29. Ne3 a6 30. Rc1 Bf8 31. Ra1 Ba3 32. Bc1 Bf8 33. Bd2 Kh7 34. Ngf5 Qe6 35. Qf3 c6 36. Re1 cxb3 37. axb3 Qxb3 38. h4 Qf7 39. Rb1 Nc8 40. Qg3 Nd6 41. Qf3 Rxe3 42. fxe3 Bxf5 43. Rf1 Bd3 44. Re1 Ne4 45. Bc1 gxh4 46. Qg4 f5 47. Qxh4 Bd6 0-1

[Event "SVK-chT 0607"]
[Site "Slovakia"]
[Date "2007.03.31"]
[Round "10"]
[White "Martiska, Peter"]
[Black "Kovacocy, Pavol"]
[Result "1/2-1/2"]
[WhiteElo "2238"]
[BlackElo "2266"]
[PlyCount "32"]
[EventDate "2006.10.21"]
[EventType "team-tourn"]
[EventRounds "11"]
[EventCountry "SVK"]
[SourceTitle "EXT 2019"]
[Source "ChessBase"]
[SourceDate "2018.10.10"]
[SourceVersion "1"]
[SourceVersionDate "2018.10.10"]
[SourceQuality "1"]
[WhiteTeam "Nitra"]
[BlackTeam "Senica"]
[WhiteTeamCountry "SVK"]
[BlackTeamCountry "SVK"]

1. d4 Nf6 2. Nf3 g6 3. Nbd2 d5 4. e3 Bg7 5. Bd3 c5 6. c3 Qb6 7. Ne5 Nc6 8. f4 0-0 9. 0-0 cxd4 10. Nxc6 dxe3 11. Nxe7+ Kh8 12. Nxc8 Raxc8 13. Kh1 exd2 14. Qxd2 d4 15. c4 Ng4 16. b3 Rfe8 1/2-1/2